Tabela wszech czasów Ekstraklasy Polskiej - Statystyki

Ogólne statystyki
  • Ten quiz został rozwiązany 93 razy
  • Średni wynik to 13 z 15
Statystyki odpowiedzi
# Klub Punkty % Poprawnych
1 Legia Warszawa 3573
100%
5 Lech Poznań 2457
97%
2 Wisła Kraków 2927
95%
3 Górnik Zabrze 2536
91%
4 Ruch Chorzów 2460
90%
7 Pogoń Szczecin 1759
87%
8 Śląsk Wrocław 1664
86%
9 Widzew Łódź 1474
86%
6 ŁKS Łódź 1809
85%
15 Jagiellonia Białystok 920
83%
13 Lechia Gdańsk 1021
80%
14 Polonia Warszawa 966
80%
11 Cracovia Kraków 1401
70%
10 Zagłębie Lubin 1467
68%
12 GKS Katowice 1053
64%
Nie znaleziono quizów pasujących do podanych kryteriów
Rozkład punktacji
Procent ludzi z każdym wynikiem
Percentyl według liczby udzielonych odpowiedzi
Twoja historia wyników
Nie rozwiązałeś tego quizu